000 00530nam a22001937a 4500
008 170204s2006 gt||||| |||| 00| 0 spa d
020 _a9992222816
082 0 4 _a861
_bS237r
100 1 _aSantos, Marlon. (Martes)
_95723
245 1 0 _aRitmoamorfo /
_cMarlon Santos (Martes).
250 _a1a ed.
260 _aGuatemala :
_bFolio 114,
_c2006.
300 _a20 p.
440 0 _aNueva Poesía
_95724
653 1 0 _aLiteratura
653 1 0 _aPoesía - Guatemala
653 1 0 _aLiteratura Latinoamericana
653 1 0 _aArte - Poesía
999 _c1138
_d1138